Cuentos de Navidad y Reyes (Record no. 161376)

MARC details
000 -LEADER
campo de control de longitud fija 00996nam a2200241 i 4500
001 - NÚMERO DE CONTROL
campo de control 161376
003 - IDENTIFICADOR DE NÚMERO DE CONTROL
campo de control ES-MaACL
005 - FECHA Y HORA DE LA ÚLTIMA TRANSACCIÓN
campo de control 20260204113346.0
008 - DATOS DE LONGITUD FIJA--INFORMACIÓN GENERAL
campo de control de longitud fija 990701q1902 sp |||| | spa d
100 1# - ENTRADA PRINCIPAL--NOMBRE DE PERSONA
Nombre de persona Pardo Bazán, Emilia,
Títulos y otros términos asociados al nombre Condesa de,
Fechas asociadas al nombre 1851-1921
9 (RLIN) 176434
245 10 - MENCIÓN DEL TÍTULO
Título Cuentos de Navidad y Reyes
Resto del título ; Cuentos de la patria ; Cuentos antiguos /
Mención de responsabilidad, etc. Emilia Pardo Bazán.
246 30 - FORMA VARIANTE DEL TITULO
Título propio/Titulo breve Cuentos de la patria
246 30 - FORMA VARIANTE DEL TITULO
Título propio/Titulo breve Cuentos antiguos
260 ## - PUBLICACIÓN, DISTRIBUCIÓN, ETC.
Lugar de publicación, distribución, etc. Madrid :
Nombre del editor, distribuidor, etc. Administración calle de S. Bernardo, 37,
Fecha de publicación, distribución, etc. [1902] (
Fabricante Estab. Tip. de I. Moreno)
300 ## - DESCRIPCIÓN FÍSICA
Extensión 278 p. ;
Dimensiones 19 cm.
490 1# - MENCIÓN DE SERIE
Mención de serie Obras completas de Emilia Pardo Bazán ;
Designación de volumen o secuencia 25
530 ## - NOTA DISPONIBLE DE FORMULARIO FÍSICO ADICIONAL
Nota de formato físico adicional disponible Disponible en formato digital.
830 0# - PUNTO DE ACCESO ADICIONAL DE SERIE-TÍTULO UNIFORME
Título uniforme Obras completas de Emilia Pardo Bazán ;
Designación de volumen o secuencia 25
9 (RLIN) 176456
852 ## - LOCALIZACIÓN
Ubicación ES-MaACL
Número de control de estantería B-4104
Nota libre Encuadernación holandesa, conservando cubierta original
Ubicación en estantería Sala Pardo Bazán
856 4# - LOCALIZACIÓN Y ACCESO ELECTRÓNICOS
Identificador Uniforme de Recursos <a href="https://archive.org/details/cuentosdenavidad00pard/page/2/mode/2up">https://archive.org/details/cuentosdenavidad00pard/page/2/mode/2up</a>
Texto de enlace Internet Archive
942 ## - ELEMENTOS DE ENTRADA SECUNDARIOS (KOHA)
Fuente del sistema de clasificación o colocación Clasificación decimal universal
Holdings
Estatus retirado Estado de pérdida Estado de daño No para préstamo Colección Biblioteca de origen Biblioteca actual Ubicación en estantería Fecha de adquisición Fuente de adquisición Total de préstamos Signatura topográfica completa Código de barras Visto por última vez Precio de reemplazo Tipo de ítem Koha
        Colección digital Biblioteca del Ateneo de Madrid Biblioteca del Ateneo de Madrid Sala Pardo Bazán 17/01/2008     B-4104 1169038 23/02/2023 23/02/2023 Libro impreso